000 00545nam a2200229Ia 4500
003 OSt
005 20221005125320.0
006 a|||||r|||| 00| 0
007 ta
008 221004b |||||||| |||| 00| 0 kan d
024 _a59949
037 _cTextual
040 _aCRL
_cCRL
_bkan
041 _2kan
_akan
082 _aO33,1M84,1, H9
100 _aShri
_9636499
245 0 _aParasikaru
260 _c1949
650 _aKANNAD LITERATURE
942 _hO33,1M84,1, H9
_cTEXL
_2cc
999 _c1053652
_d1053652